000 00570nam a22001817a 4500
005 20251108164229.0
008 250721s1977 xx 000 0 ara d
082 1 4 _a338.9/فيص
100 1 _aمرار، فيصل فخري
245 1 0 _aالعلاقة بين التخطيط و الموازنة العامة /
264 1 _aعمان :
_bالجامعة الأردنية،
_c1977.
300 _a239ص
650 1 7 _aالإقتصاد
650 1 7 _aالتخطيط الإقتصادي
650 1 7 _aالسياسة الإقتصادية
942 _2ddc
_cBK
999 _c6947
_d6947